• 首页
  • 本馆介绍
  • 公告通知
  • 最新文献
  • 馆藏检索
  • 电子资源
  • 读者导购
  • 参考咨询
  • 我的图书馆
  • 登录
  • 详细信息显示
  • 放入我的书架
  • 预约/预借图书
  • 作者相关作品
  • 分类相关作品
  • 丛书相关作品
  • 出版社相关作品

书目信息

  • 表格格式
  • 工作单格式
  • 卡片格式
题名:
出口销售合同的磋商和签订
    
 
作者: 周秉成等 著
分册:  
出版信息: 上海   上海人民出版社  1983
页数: 186页
开本: 21cm
丛书名:
单 册:
中图分类: F752.62
科图分类:
主题词: 商品-出口-经济合同--中国 , 经济合同-商品-出口--中国 , 出口-商品-经济合同--中国
电子资源:
ISBN:
000 00749nam0 2200253 45
001 0183009533
005 20060731160928.96
010    @dCNY0.64
091    @a4074.512
100    @a19950412d1983 emky0chiy0121 ea
101 0  @achi
102    @aCN@b310000
105    @ay z 000yy
200 10 @a出口销售合同的磋商和签订@Achu kou xiao shou he tong de cuo shang he qian ding@f周秉成等著
210    @a上海@c上海人民出版社@d1983
215    @a186页@d21cm
606    @a商品-出口-经济合同@y中国
606    @a经济合同-商品-出口@y中国
606    @a出口-商品-经济合同@y中国
690    @aF752.62@v3
701  0 @a周秉成等@Azhou bing cheng deng@4著
801  2 @aCN@bNLC@c20060731
801  0 @aCN@b上海图书馆@c20040429
905    @f1@b213056@dF752.62@e8
    
    出口销售合同的磋商和签订/周秉成等著.-上海:上海人民出版社,1983
    186页;21cm
    
    
    ISBN :CNY0.64
    
●
相关链接 在E读中查询图书 在五车中查询图书 在当当中查询图书 在豆瓣中查询图书


正题名:出口销售合同的磋商和签订     索取号:F752.62/8         预约/预借

序号 登录号 条形码 馆藏地/架位号 状态 备注
1 0213056   000489144   第一借阅区/ [索取号:F752.62/8] 在馆    
2 0213057   000489153   第一样本阅览室/ [索取号:F752.62/8] 在馆    
3 0440983   204409835   密集书库/ [索取号:F752.62/8] 在馆    
4 0440984   204409844   密集书库/ [索取号:F752.62/8] 在馆    
唐山师范学院图书馆 欢迎您!
大连网信软件有限公司© 版权所有